1682 1404 1722 1953 1835 1554 1135 1754 1841 1145 1633 1042 1652 1566 1982 1087 1461 1872 1062 1572 1331 1326 1320 1264 1612 1308 1862 1842 1545 1054 1142 1188 1634 1787 1885 1594 1484 1683 1000 1964 1355 1857 1622 1732 1105 1692 1928 1851 1942 1258 1997 1041 1773 1283 1671 1385 1519 1244 1941 1306 1761 1293 1880 1250 1782 1646 1361 1258 1412 1908 1789 1109 1535 1447 1330 1521 1752 1780 1959 1452 1539 1519 1787 1034 1318 1282 1234 1413 1746 1245 1614 1167 1581 1998 1977 1280 1549 1416 1575 BCNSPRNW ULIB Ver.6.0+V

เปลี่ยนเป็นภาษาไทย

Change to English
 แสดงรายละเอียดบรรณานุกรม
  กลับหน้าหลัก

Brief Record : Get Marc (ISO 2709) : E-mail record : QR code < ปิดหน้าต่าง
LEADER : 00000nam 2200000uu 4500
001    13399120833
003     ULIB
008    020711s2550 th a 000 0 tha d
020    9789748485409
050    BJ195^bป387ม
100    ประสงค์ ศิริวิริยะกุล
245    มหัศจรรย์แห่งชีวิต/^cประสงค์ ศิริวิริยะกุล
250    พิมพ์ครั้งที่ 1
260    กรุงเทพฯ :^bสรรพสาร,^c2550
300    80 หน้า
945    ^p0^l0^i16165
999    ^aทศพร เกษรทอง
รายการนี้ยังไม่มีแท็ก
คุณยังไม่ได้ล็อกอิน คุณสามารถมีกิจกรรมร่วมกับเว็บไซต์ได้ แต่ต้องล็อกอินก่อน ::
  ล็อกอิน

รายการสื่อสารสนเทศ

ลำดับที่ ประเภท เลขเรียก/บาร์โค้ด สถานที่ สถานะ
1. วิทยาศาสตร์การแพทย์ และสุขภาพ
วิทยาศาสตร์การแพทย์ และสุขภาพ
BJ195 ป387ม  
  Barcode: 16165
ห้องสมุดวิทยาเขตสวรรค์ประชารักษ์
►หนังสือทั่วไป
บนชั้น

BibComment


ยังไม่เคยถูกคอมเมนท์

คอมเมนท์ทรัพยากรรายการนี้
  คอมเมนท์: มหัศจรรย์แห่งชีวิ..


 Copyright 2026. Bcnsprnw @Library